| 000 | 03354cam a22003494a 4500 | ||
|---|---|---|---|
| 001 | 13832555 | ||
| 005 | 20170105102936.0 | ||
| 008 | 050106s2006 enka b 001 0 eng | ||
| 010 | _a 2005000190 | ||
| 016 | 7 |
_a013240076 _2Uk |
|
| 020 | _a0521823196 | ||
| 020 | _a0521530202 (pbk.) | ||
| 035 | _a(OCoLC)ocm57434163 | ||
| 040 |
_aDLC _cDLC _dUKM _dBAKER _dBWKUK _dDLC |
||
| 042 | _apcc | ||
| 050 | 0 | 0 |
_aBC177 _b.W3235 2006 |
| 082 | 0 | 0 |
_a160 _222 _bWAL 2006 |
| 100 | 1 | _aWalton, Douglas N. | |
| 245 | 1 | 0 |
_aFundamentals of critical argumentation / _cDouglas Walton. |
| 260 |
_aCambridge [UK] ; _aNew York : _bCambridge University Press, _c2006. |
||
| 300 |
_axvi, 343 p. : _bill. ; _c24 cm. |
||
| 440 | 0 | _aCritical reasoning and argumentation | |
| 504 | _aIncludes bibliographical references and index. | ||
| 505 | 0 | _aArguments and dialogues -- Dialogues -- Arguments -- Questions and statements -- Arguments in dialogues-- Generalizations -- Chaining of arguments -- Criticizing by questioning or rebuttal -- Criticizing and argument by asking a question -- Disputes and dissents -- Concepts useful for understanding arguments -- Inconsistency -- Three kinds of arguments -- Syllogisms -- Complex propositions -- Some other common forms of deductive argument -- Probability and inductive argument -- Plausible argumentation -- Arguments and explanations -- Argumentation schemes -- Appeal to expert opinion -- Argument from popular opinion -- Argument from analogy -- Argument from correlation to cause -- Argument from consequences and slippery slope -- Argument from sign -- Argument from commitment -- Ad hominem arguments -- Argument from verbal classification -- Argument reconstruction -- Single and linked arguments -- Convergent arguments -- Serial and divergent arguments -- Distinguishing between linked and convergent arguments -- Extended arguments -- Enthymemes -- Cleaning up a text of discourse -- Dialogues -- Persuasion dialogue -- Commitment in dialogue -- Other types of dialogue -- Simple and complex questions -- Loaded questions -- Responding to tricky questions -- Relevance of questions and replies -- Detecting bias -- Loaded terms -- Point of view and burden of proof -- Biased argumentation -- Verbal disputes -- Lexical, stipulative and persuasive definitions -- Philosophical and scientific definitions -- Normal and troublesome bias -- Relevance -- Probative relevance -- Dialectical relevance -- Relevance in meetings and debates -- Relevance in legal argumentation -- Fear appeal arguments -- Threats as arguments -- Appeal to pity -- Shifts and relevance -- Practical reasoning in a dialogical framework -- Practical inferences -- Necessary and sufficient conditions -- Disjunctive reasoning -- Taking consequences into account -- The dilemma -- The closed world assumption -- Lack of knowledge inferences -- Real world situations. | |
| 650 | 0 | _aReasoning. | |
| 856 | 4 | 1 |
_3Table of contents only _uhttp://www.loc.gov/catdir/toc/ecip056/2005000190.html |
| 856 | 4 | 2 |
_3Publisher description _uhttp://www.loc.gov/catdir/enhancements/fy0632/2005000190-d.html |
| 906 |
_a7 _bcbc _corignew _d1 _eecip _f20 _gy-gencatlg |
||
| 942 |
_2ddc _cBK |
||
| 999 |
_c16265 _d16265 |
||